Boje okolo Zpěvníka v Novohrade

Bibliographic Details
Main Author: Adamovič, Štefan, 1903-1961 (Author)
Format: Article
Language:Slovak

MARC

LEADER 00000nab a2200000uu 4500
001 vtls011526908
003 SK-MaSNL
005 20260303112835.0
008 230121|1943 xo |||||||||||||||||slo|
015 |a SNBRB 
035 |a (urnnbn)urn:nbn:sk:snk:ar-a08tf7 
035 |a (uuid)bc02ab92-ce53-48dd-8425-4774a19ee8c3 
035 |a urn:nbn:sk:snk-abedw8 
040 |a SNKBUCL  |b slo  |c SNKBUCL  |e AACR2 
041 0 |a slo 
044 |a xo  |c SK 
100 1 |a Adamovič, Štefan,  |d 1903-1961  |4 aut  |9 189878 
245 1 0 |a Boje okolo Zpěvníka v Novohrade  |c Š. Adamovič 
773 0 |t Cirkevné listy : časopis venovaný záujmom cirkve evanjelickej a. v.  |g Roč. 56, č. 3 (1943), s. 56-59 
954 |a odborná, vedecká literatúra pôvodná (slovenská)  |2 lita 
958 |a OND 
958 |a EUIPO 
958 |a article21 
999 |c 1887801  |d 1889731